000 00405nam a2200145Ia 4500
008 210210b1986 xxu||||| |||| 00| 0 eng d
082 _a509.54 SATF
100 _aSATYA PRAKASH SARASVATI.
245 _aFounders of sciences in ancient india: Part 1
260 _aND
_bGovindram Hasanand
_c1986
300 _a675
650 _aAncient Indian scientist science
690 _aPure Sciences
906 _a039287
999 _c89533
_d89533